| 000 | 00837nam a2200205 a 4500 | ||
|---|---|---|---|
| 005 | 20210219160201.0 | ||
| 008 | 080923s1990 mx r 000 0 spa d | ||
| 035 | _aUPN01000160353 | ||
| 049 | _aUNE | ||
| 080 | _a37.014. 542 (5) =20 CHU. | ||
| 100 | 1 | _aChu, S. K. | |
| 245 | 1 | 0 |
_aDevelopment of educational management information systems in Asia and the Pacific / _cS. K. Chu. |
| 260 |
_aBangkok : _bUNESCO; _bPrincipal Regional Office for Asia and tha Pacific, _c1990. |
||
| 300 | _a10 p. | ||
| 690 | _aPlanificacion y administracion de la educacion | ||
| 690 | _aSistemas de informacion- Planificacion y admon. de la educ. | ||
| 710 | 2 | _aUNESCO Principal Regional Office for Asia and the Pacific. | |
| 711 | 2 | _aCongreso Internacional "Planeamiento y Gestión del Desarrollo de la Educación", 1990 : México | |
| 905 | _aUNESCO | ||
| 999 |
_c132467 _d132467 |
||